000 00841nam a2200229Ii 4500
003 JO-AjNU
008 230605s9999||||xx |||||||||||||| ||und||
017 _a2007/8/2392
020 _a978-9957-499-02-0
040 _aJO-AjNU
_bara
_erda
_cJO-AjNU
041 _aara
050 1 4 _aG155.A65.A28 2008
100 3 _aسلمان، زيد منير,
_eauthor
_951079
245 0 0 _aالسياحة في الوطن العربي: دراسة لأهم المواقع السياحية والإرشاد والأدلة السياحية العربية
250 _aط1
264 3 1 _aعمان: دار الراية للنشر والتوزيع، 2008
300 _a266ص
336 _atext
_btxt
_2rdacontent
337 _aunmediated
_bn
_2rdamedia
338 _avolume
_bnc
_2rdacarrier
650 4 _aالسياحة - البلاد العربية
_951080
999 _aA22540
_c26108
_d26108